00727nam a2200205 i 450000100060000000300090000600500170001500700030003200800410003508000280007610000250010424501090012926000710023830000210030950000480033061100490037870000200042771000490044785200250049620852ES-MaACL20230906152356.0t|021119s1889 sp ||||1| spa d a061.41 Barcelona "1888"1 aAlamo, Gregorio del.10aMemoria de la Exposición Universal de Barcelona / cpresentada por Gregorio del Alamo y José Velada. aMadrid : b[s.n.], c1889 (fImpr. de los Hijos de J. A. García) a32 p. ; c23 cm. aPrecede al tít.: El Fomento de las Artes.2 aExposición Universal. d1888. cBarcelona)1 aVelada, José.2 aSociedad Matritense El Fomento de las Artes. aES-MaACLjT-551-F-11